000
00313nam a22001217a 4500
082
_a
894.812
_b
DEP/M
100
_a
DEPT OF EDUCATION, GOVT OF KERALA
245
_a
MALAYALAM - PADAYALIKAL, CHANDANAKATTIL
260
_a
TRIVANDRUM
_b
SIET KERALA
300
_b
MALAYALAM VCD
650
_a
MALAYALAM
_z
KERALA
942
_c
VM
999
_c
8020
_d
8020